000 00292nam a2200097Ia 4500
008 240321s9999 xx 000 0 und d
082 _a720.1
_bKRO
100 _aKronenburg, Robert
245 0 _aSpirit of the machine: technology as an inspiration in architecture design
260 _bWilley Academy
999 _c64480
_d64480